The life forms of Connecticut plants and their significance in relation to climate / (Record no. 26666)

MARC details
000 -LEADER
fixed length control field 01188cam a22003011a 4500
001 - CONTROL NUMBER
control field gs 28000344
003 - CONTROL NUMBER IDENTIFIER
control field DLC
005 - DATE AND TIME OF LATEST TRANSACTION
control field 20260227111333.0
008 - FIXED-LENGTH DATA ELEMENTS--GENERAL INFORMATION
fixed length control field 750917s1928 ctuaf b s001 0 eng
010 ## - LIBRARY OF CONGRESS CONTROL NUMBER
LC control number gs 28000344
035 ## - SYSTEM CONTROL NUMBER
System control number (OCoLC)1630199
040 ## - CATALOGING SOURCE
Original cataloging agency DLC
Transcribing agency CtHT
Modifying agency OCoLC
-- CSfA
-- DLC
042 ## - AUTHENTICATION CODE
Authentication code premarc
043 ## - GEOGRAPHIC AREA CODE
Geographic area code n-us-ct
050 00 - LIBRARY OF CONGRESS CALL NUMBER
Classification number QK151
Item number .E5
100 1# - MAIN ENTRY--PERSONAL NAME
Personal name Ennis, Beulah.
245 14 - TITLE STATEMENT
Title The life forms of Connecticut plants and their significance in relation to climate /
Statement of responsibility, etc. by Beulah Ennis.
260 ## - PUBLICATION, DISTRIBUTION, ETC.
Place of publication, distribution, etc. Hartford :
Name of publisher, distributor, etc. State Geological and Natural History Survey,
Date of publication, distribution, etc. 1928.
300 ## - PHYSICAL DESCRIPTION
Extent 100, vii p., 20 p. of plates :
Other physical details ill. ;
Dimensions 23 cm.
490 1# - SERIES STATEMENT
Series statement Bulletin / State Geological and Natural History Survey ;
Volume/sequential designation no. 43
440 #0 - SERIES STATEMENT/ADDED ENTRY--TITLE
Title State of Connecticut public document ;
Volume/sequential designation no. 47
500 ## - GENERAL NOTE
General note Originally presented as the author's thesis (Ph. D.--Yale University, 1925).
504 ## - BIBLIOGRAPHY, ETC. NOTE
Bibliography, etc. note Includes bibliographical references (p. 93-94) and index.
650 #0 - SUBJECT ADDED ENTRY--TOPICAL TERM
Topical term or geographic name entry element Plants
Geographic subdivision Connecticut.
650 #0 - SUBJECT ADDED ENTRY--TOPICAL TERM
Topical term or geographic name entry element Plant ecology
Geographic subdivision Connecticut.
650 #0 - SUBJECT ADDED ENTRY--TOPICAL TERM
Topical term or geographic name entry element Vegetation and climate
Geographic subdivision Connecticut.
830 #0 - SERIES ADDED ENTRY--UNIFORM TITLE
Uniform title Bulletin (State Geological and Natural History Survey of Connecticut) ;
Volume/sequential designation 43.

No items available.

Powered by Koha